Leader xxxxxxxxxx
001 __ PCLIS00050035
005 __ 20211115091658.0
010 0_ |a978-957-674-192-0|b平裝|dNT$200
010 0_ |a957-674-192-0|b平裝|dNT$200
100 __ |a20160831e20151999m y0chiy09 e
101 0_ |achi
102 __ |atw
105 __ |ay z 000cy
200 1_ |a飲膳札記|f林文月著
205 __ |a初版十六印
210 __ |a臺北市|c洪範書店|d1999[民88]|h2015[民104]
215 0_ |a2, 164面|d21公分
225 1_ |a洪範文學叢書|v285
300 __ |a中國散文
300 __ |a附錄: 生活其實可以如此美好
306 __ |a2015年16印
681 __ |a855|b8766
700 _1 |a林|b文月|f1933- |4著
801 _0 |atw|b內湖高中|c20160831|gCCR
801 _2 |atw|b內湖高中|c20211115|gCCR
|